| 000 | 00528nam a2200193 u 4500 | ||
|---|---|---|---|
| 005 | 20230602063559.0 | ||
| 008 | 100602s2008 r 000 0 eng d | ||
| 020 | _a9789708120593 | ||
| 035 | _aUPN01000176289 | ||
| 049 | _aCG | ||
| 050 | 4 |
_aPQ7297 F9.8 _bC3.6a |
|
| 100 | 1 |
_aFuentes, Carlos, _d1928-2012 |
|
| 245 | 1 | 0 |
_aCantar de ciegos / _cCarlos Fuentes. |
| 260 |
_aMéxico : _bPunto de Lectura, _c2008. |
||
| 300 | _a192 p. | ||
| 440 | 0 |
_aPunto de lectura ; _v8/13 |
|
| 650 | 4 |
_aCuentos mexicanos _96937 |
|
| 905 | _aLibro | ||
| 999 |
_c148392 _d148392 |
||